书目信息 |
| 题名: |
建设工程造价管理基础知识
|
|
| 作者: | ;安徽省建设工程造价管理总站 主编 | |
| 分册: | ||
| 出版信息: | 北京 中国建材工业出版社 2020.9 |
|
| 页数: | 327页 | |
| 开本: | 26cm | |
| 丛书名: | ||
| 单 册: | ||
| 中图分类: | TU723.31 | |
| 科图分类: | ||
| 主题词: | 建筑造价管理--资格考试--教材 | |
| 电子资源: | ||
| ISBN: | 978-7-5160-3052-3 | |
| 000 | 00991nam0 2200253 45 | |
| 001 | 012001000384 | |
| 005 | 20211012144427.61 | |
| 010 | @a978-7-5160-3052-3@dCNY72.00 | |
| 100 | @a20201222d2020 em y0chiy50 ea | |
| 101 | 0 | @achi |
| 102 | @aCN@b110000 | |
| 105 | @ay z 000yy | |
| 106 | @ar | |
| 200 | 1 | @a建设工程造价管理基础知识@Ajian she gong cheng zao jia guan li ji chu zhi shi@b专著@f安徽省建设工程造价管理总站主编 |
| 205 | @a2版 | |
| 210 | @a北京@c中国建材工业出版社@d2020.9 | |
| 215 | @a327页@d26cm | |
| 300 | @a2020安徽省二级造价工程师职业资格考试培训教材 | |
| 330 | @a本书共分8章,包括工程造价管理相关法规与制度、工程项目管理、工程合同与合同管理、工程造价构成、工程计价方法及依据、工程决策和设计阶段造价管理等内容。 | |
| 606 | 0 | @a建筑造价管理@x资格考试@j教材 |
| 690 | @aTU723.31@v5 | |
| 711 | 02 | @a安徽省建设工程造价管理总站@Aan hui sheng jian she gong cheng zao jia guan li zong zhan@4主编 |
| 801 | 0 | @aCN@bBJSDL@c20211011 |
| 905 | @b1331360-3@dTU723.31@e1840=2@f4 | |
| 建设工程造价管理基础知识/安徽省建设工程造价管理总站主编.-2版.-北京:中国建材工业出版社,2020.9 |
| 327页;26cm |
| 2020安徽省二级造价工程师职业资格考试培训教材 |
| ISBN 978-7-5160-3052-3:CNY72.00 |
| 本书共分8章,包括工程造价管理相关法规与制度、工程项目管理、工程合同与合同管理、工程造价构成、工程计价方法及依据、工程决策和设计阶段造价管理等内容。 |
| ● |
| 相关链接 |
|
|
|
|
正题名:建设工程造价管理基础知识
索取号:TU723.31/1840=2
 
预约/预借
| 序号 | 登录号 | 条形码 | 馆藏地/架位号 | 状态 | 备注 |
| 1 | 1331360 | 213313608 | 第二样本阅览室/ [索取号:TU723.31/1840=2] | 在馆 | |
| 2 | 1331361 | 213313617 | 第三借阅区/ [索取号:TU723.31/1840=2] | 在馆 | |
| 3 | 1331362 | 213313626 | 第三借阅区/ [索取号:TU723.31/1840=2] | 在馆 | |
| 4 | 1331363 | 213313635 | 第三借阅区/ [索取号:TU723.31/1840=2] | 在馆 |